Elementary linear algebra : applications version

Αποθηκεύτηκε σε:
Λεπτομέρειες βιβλιογραφικής εγγραφής
Κύριος συγγραφέας: Anton, Howard
Άλλοι συγγραφείς: Rorres, Chris
Μορφή: Βιβλίο
Γλώσσα:English
Δημοσίευση: New York : Wiley, 2000, c1973
Έκδοση:8th ed.
Θέματα:
Ετικέτες: Προσθήκη ετικέτας
Δεν υπάρχουν, Καταχωρήστε ετικέτα πρώτοι!

MARC

LEADER 00000nam a2200000 i 4500
001 1/77162
008 050525t19732000 eng d
020 |a 0-471-17052-6 
035 |l 10078171 
040 |a GR-MY-UA  |b gre  |e aacr 
041 0 |a eng 
082 0 |a 512.5  |2 (22) 
100 1 |a Anton, Howard. 
245 1 0 |a Elementary linear algebra :  |b applications version /  |c Howard Anton, Chris Rorres 
250 |a 8th ed. 
260 |a New York :   |b Wiley,   |c 2000, c1973 
300 |a xvi, 822 σ.;  |b σχ.;  |c 26 εκ. 
504 |a Περιλαμβάνει ευρετήριο 
650 0 0 |a Algebras, Linear. 
700 1 |a Rorres, Chris. 
852 |a INST  |b CHIOS  |e 20050525  |h 512.5 ANT  |p 005200021830  |q 005200021830  |t BK  |y 0 
901 |a BIBL2-2005-2 
909 |a Χ  |b 113042 
920 |a ΔΙΕΥΡΥΝΣΗ  |b ΕΠΕΑΕΚ-ΤΜΟΔ  |y ΧΙΟΣ  |z 2004-12 
970 |a ΧΑΖΙΡΗ  |b ΑΝΝΑ  |z 2005/05/25